| 000 | 00881nam a2200277 i 4500 | ||
|---|---|---|---|
| 001 | 000000007 | ||
| 003 | OSt | ||
| 005 | 20260601193900.0 | ||
| 008 | 260505b mx ||||| |||| 00| 0 spa d | ||
| 020 | _a06091316260014 | ||
| 040 |
_aICI _bspa _cICI _erda |
||
| 041 | _aspa | ||
| 050 |
_aNK9312.M6 _bH462 |
||
| 100 |
_aHelbling, Guillermo, _eautor |
||
| 245 |
_aMorelos hecho a manos / _cGuillermo Helbling y Antonia Casillas |
||
| 264 |
_aMéxico : _bInstituto de Cultura de Morelos, _c2000 |
||
| 300 |
_a135 páginas : _bIlustraciones |
||
| 500 | _aContiene índice | ||
| 650 |
_aArtesanías _zMorelos _933626 |
||
| 650 |
_aArte popular _zMorelos _933627 |
||
| 650 |
_aOficios tradicionales _zMorelos _933628 |
||
| 650 |
_aCultura material _zMorelos _933629 |
||
| 650 |
_aDiseño artesanal _zMéxico _933630 |
||
| 700 |
_aCasillas, Antonia, _eautora _933631 |
||
| 942 |
_2lcc _cB _n1 |
||
| 999 |
_c22183 _d22183 |
||